| 000 | 00754nam a22002297i 4500 | ||
|---|---|---|---|
| 001 | IT\ICCU\NAP\0358336 | ||
| 003 | ItRI | ||
| 005 | 20260115232243.0 | ||
| 008 | 060925s1977 it |||||| ||||| |||||c | ||
| 040 |
_bita _cimportazione bologna sebina |
||
| 041 | 7 |
_aita _2ISO-639-2 |
|
| 082 |
_a599.9 _9HOMINIDAE HOMO SAPIENS _223 |
||
| 100 | 1 |
_aMorris, Desmond _0IT\ICCU\CFIV\001731 _4aut |
|
| 240 | 1 | 4 |
_aThe naked ape _3IT\ICCU\LIA\0051601 _9Morris, Desmond |
| 245 | 1 | 3 |
_aLa scimmia nuda : _bstudio zoologico sull'animale uomo / _cDesmond Morris. |
| 260 |
_aMilano : _bEuroclub, _c1977 |
||
| 300 |
_a269 p. ; _c19 cm |
||
| 500 | _aTraduzione Marisa Bergami. | ||
| 650 | 7 | _aUomo | |
| 700 | 1 |
_aBergami, Marisa _0IT\ICCU\SBLV\252079 _4trl |
|
| 942 |
_2ddc _cBK _n0 |
||
| 999 |
_c19633 _d19633 |
||